Código Orgánico de Tribunales: títulos de artículos del cuerpo del código y de las Normas del Apéndice, concordancias, historia de la ley, jurisprudencia, notas explicativas e índice temático

Guardat en:
Dades bibliogràfiques
Autor corporatiu: Chile
Altres autors: Hoyos de la Barrera, María Teresa (directora)
Format: Llibre
Idioma:espanyol
Publicat: Santiago, Chile: Legal Publishing; Thomson Reuters, 2016
Edició:Cuarta edición.
Col·lecció:Códigos Profesionales 2016
Matèries:
Etiquetes: Afegir etiqueta
Sense etiquetes, Sigues el primer a etiquetar aquest registre!

MARC

LEADER 00000cam a2200000 a 4500
001 UCD8126
003 CL-VaPUC
005 20250424152734.0
008 170428e20160000cl |||||||||||||||||spa|d
999 |c 367860  |d 367858 
020 |a 9789563468151 
040 |c Pontificia Universidad Católica de Valparaíso 
082 0 4 |a 347.8301 CHI 2016  |2 21 
110 1 |a Chile  |9 890760 
245 1 0 |a Código Orgánico de Tribunales: títulos de artículos del cuerpo del código y de las Normas del Apéndice, concordancias, historia de la ley, jurisprudencia, notas explicativas e índice temático 
250 |a Cuarta edición.  |b Actualizada al 5 de julio de 2016. 
260 |a Santiago, Chile:  |b Legal Publishing;  |b Thomson Reuters,  |c 2016 
300 |a 645 páginas 
490 0 |a Códigos Profesionales 2016 
505 |a -Ley N.º 7.421. -Título I. Del Poder Judicial y de la Administración de Justicia en general. -Título II. De los juzgados de garantía y de los tribunales de juicio oral en lo penal. -Título III. De los Jueces de Letras. -Título IV. De los Presidentes y Ministros de Corte como tribunales unipersonales. -Título V. Las Cortes de Apelaciones. -Título VI. La Corte Suprema. -Título VII. La competencia. -Título VIII. De la subrogación e integración. -Título IX. De los Jueces Árbitros. -Título X. De los Magistrados y del Nombramiento y Escalafón de los Funcionarios Judiciales. -Título XI. Los Auxiliares de la Administración de Justicia. -Título XII. Disposiciones generales aplicables a los auxiliares de la Administración de Justicia. -Título XIII. De los empleados u oficiales de secretaría. -Título XIV. La Corporación Administrativa del Poder Judicial. -Título XV. Los abogados. -Título XVI. De la jurisdicción disciplinaria y de la inspección y vigilancia de los servicios judiciales. -Título XVII. De la asistencia judicial y del privilegio de pobreza. Apéndice: -Ley N° 19.665. Reforma el Código Orgánico de Tribunales. (D.O. de 9 de marzo de 2000) -Ley N° 16.618. Decreto con Fuerza de Ley N° 1. Fija texto refundido, coordinado y sistematizado del Código Civil; de la Ley N° 4.808, sobre Registro Civil; de la Ley N° 17.344, que Autoriza Cambio de Nombres y Apellidos; de la Ley N° 16.618, Ley de Menores; de la Ley N° 14.908 sobre Abandono de Familia y Pago de Pensiones Alimenticias, y de la Ley 16.271, de Impuesto a las Herencias, Asignaciones y Donaciones. -Ley N° 18.287. Establece procedimiento antes los juzgados de Policía Local (D.O. de 7 de febrero de 1984) -Decreto Supremo N° 307. Fija el texto refundido, coordinado y sistematizado de la Ley N° 15.231, sobre Organización y Atribuciones de los Juzgados de Policía Local (D.O. de 23 de mayo de 1978) -Decreto Supremo N° 3.386. Fija el texto definitivo de los Decretos sobre Plazo en que deben asumir sus funciones los Empleados Judiciales. (D.O. de 14 de agosto de 1937) -Decreto Supremo N° 158. Fija Territorios Jurisdiccionales de los Juzgados del Crimen dependientes de la Corte de Apelaciones de Santiago (D.O. de 26 de febrero de 2003) -Decreto Supremo N° 35. Fija Territorios Jurisdiccionales de los Juzgados del Crimen dependientes de la Corte de Apelaciones de San Miguel. (D.O. de 9 de febrero de 1990) -Ley N° 19.968. Crea los Tribunales de Familia. -Ley N° 20.022. Crea Juzgados Laborales y Juzgados de Cobranza Laboral y Previsional en las comunas que indica (D.O. de 30 de mayo de 2005) 
583 |a last modification  |c 20170428 01:26:00  |k Rodrigo Vera 
650 0 |a Código orgánico de tribunales  |9 256731 
650 0 |a Poder judicial  |9 254871 
650 0 |a Juzgados de garantía   |9 492236 
650 0 |a Tribunales de juicio oral  |9 891685 
650 0 |a Funcionarios judiciales  |9 382750 
650 0 |a Jurisprudencia  |x Tribunales  |9 891681 
700 |a Hoyos de la Barrera, María Teresa  |e directora  |9 814204 
942 |c BK  |2 ddc 
945 |d 20170428 01:26:00  |a dcastane 
952 |0 0  |1 0  |3 erb  |4 0  |6 347_830100000000000_CHI_2016  |7 0  |8 X  |9 483007  |a BIBDER  |b BIBDER  |i 537457K  |l 7  |o 347.8301 CHI 2016  |p 537457K  |r 2023-05-10  |s 2023-05-10  |w 2019-11-24  |y BK_X  |z Catalogado en:20170428  |k DER